[Event "V Sunway Sitges Open 2018"]
[Site "Sitges"]
[Date "2018.12.14"]
[Round "1"]
[White "Beliavsky, Alexander G"]
[Black "Goormachtigh, Johan"]
[Result "1-0"]
[WhiteElo "2544"]
[BlackElo "2159"]
[Annotator "TA"]
[PlyCount "49"]
[EventDate "2018.12.14"]
[EventType "swiss"]
[EventCountry "ESP"]
[SourceTitle "playchess.com"]
[Source "ChessBase"]
[SourceQuality "1"]

{[%evp 31,49,31,60,47,101,104,104,104,105,105,121,76,139,159,466,467,649,633,696,660]} 1. d4 Nf6 2. c4 g6 3. Nc3 d5 4. Nf3 Bg7 5. Qb3 dxc4 6. Qxc4 O-O 7. e4 Bg4 8. Be3 Nfd7 9. Qb3 Nb6 10. Rd1 Nc6 11. d5 Ne5 12. Be2 Nxf3+ 13. gxf3 Bh5 14. Rg1 Qc8 15. Rg3 {D99: Grünfeld: Russian System: 7 e4 Bg4 8 Be3 Nfd7 9 Qb3} (15. a4 Nd7 16. Rg3 c6 17. Kf1 Nf6 18. Kg2 Qc7 19. Rc1 Qd7 20. Rd1 Qc7 21. Rc1 Kh8 22. Qc4 Qd7 23. dxc6 bxc6 {½-½ (50) Jojua,D (2579)-Nepomniachtchi,I (2714) Jerusalem 2015}) 15... c6 16. a4 Qc7 {LiveBook: 18 Games} 17. Rc1 {[#] White is slightly better.} cxd5 $146 (17... Qb8 $14) ({Predecessor:} 17... Rfc8 18. a5 Nd7 19. a6 bxa6 20. Bxa6 Ne5 21. f4 Nf3+ 22. Kf1 Rcb8 {0-1 (33) Mikhalevski,V (2532)-Dvoirys,S (2562) Hoogeveen 2000}) 18. Nxd5 $16 Qe5 {[#]} 19. Nf4 $1 {Hoping for Rc5.} ({Of course not} 19. Nxb6 $6 axb6 20. Qxb6 (20. Bxb6 Qxb2 21. Qxb2 Bxb2 $15) 20... Rxa4 $11) 19... Rac8 20. Rxc8 Rxc8 21. Kf1 Qa5 (21... Kf8 $142) 22. Bb5 Kf8 $2 {[#]} (22... a6 $16) 23. Nxh5 $18 {White is clearly winning.} gxh5 24. Rg5 Bf6 25. Rf5 1-0

[Event "V Sunway Sitges Open 2018"]
[Site "Sitges"]
[Date "2018.12.14"]
[Round "1"]
[White "Praggnanandhaa, R."]
[Black "Manu, David Suthandram R"]
[Result "1/2-1/2"]
[WhiteElo "2530"]
[BlackElo "2153"]
[Annotator "TA"]
[PlyCount "99"]
[EventDate "2018.12.14"]
[EventType "swiss"]
[EventCountry "ESP"]
[SourceTitle "playchess.com"]
[Source "ChessBase"]
[SourceQuality "1"]

{[%evp 18,99,67,77,64,58,81,84,78,74,74,76,87,83,81,66,61,47,47,47,48,46,51,49,60,30,57,47,37,7,42,47,48,44,55,19,35,0,50,0,34,0,11,11,11,11,11,-31,-35,-49,-55,-34,-54,-52,-55,-46,-34,-48,-38,-51,-55,-59,-18,-62,0,0,0,-8,-8,-8,-8,-14,-14,-18,-18,-18,-14,-14,-12,-14,-14,-14,0,-257]} 1. e4 c5 2. Nf3 Nc6 3. d4 cxd4 4. Nxd4 e5 5. Nb5 {[%cal Bd4b5,Bb5a3,Ba3c4,Bc4b6,Bb6d5][%mdl 32]} d6 6. N1c3 a6 7. Na3 Be6 8. Nc4 Nf6 9. Bg5 Nd4 10. Bxf6 {LiveBook: 3 Games. B33: Sicilian: Pelikan and Sveshnikov Variations} (10. Ne3 Rc8 11. Bd3 Be7 12. Bxf6 Bxf6 13. Ncd5 Bxd5 14. Nxd5 O-O 15. O-O Bg5 16. c3 Ne6 17. g3 Bh6 18. a4 {1-0 (40) Mista,A (2589)-Majdan,J (2370) Zgierz 2018}) 10... Qxf6 11. Nb6 Rd8 12. Ncd5 {White is better.} Bxd5 13. Nxd5 Qg6 14. Qd3 f5 $146 ({Predecessor:} 14... Rc8 15. c3 Ne6 16. f3 Nc5 17. Qc2 Be7 {1-0 (26) Pauw,S-Van der Lee,J Netherlands 1991}) 15. exf5 Qxf5 16. Qxf5 Nxf5 17. Bc4 Rc8 18. Bb3 Nd4 19. c3 Nxb3 20. axb3 Kf7 21. O-O-O Ke6 22. Rhe1 g5 23. Re4 Bg7 24. Kb1 h5 25. f3 Rhf8 26. c4 Rf7 27. Nc3 Rg8 28. Re3 Bf8 29. Ne4 Be7 30. Red3 {[%cal Re4d6]} Rd8 31. Rd5 {Threatens to win with c5.} b6 32. b4 {With the idea c5.} g4 33. c5 {[%cal Rc5d6]} gxf3 34. cxd6 Bh4 35. R5d2 fxg2 $1 36. Rxg2 Rf4 37. Re2 Kf5 38. Ng3+ $1 Bxg3 $1 39. hxg3 Rxb4 $15 {[%mdl 4096] Endgame KRR-KRR} (39... Rd4 $5 {[%cal Rd4d1]} 40. Rf1+ Ke6 $17) 40. Rh2 Rd4 (40... Kg6 $15 41. Rc2 e4) 41. Rxh5+ $11 {The position is equal.} Ke6 42. Rxd4 exd4 {KR-KR} 43. Rh6+ Kd7 44. Kc2 Rg8 45. Kd3 Rxg3+ 46. Kxd4 Rg5 47. b3 Rb5 48. Kc4 Rc5+ 49. Kd4 Rb5 50. Ke4 $2 {[%mdl 40960] Accuracy: White = 41%, Black = 67%. . An unexpected result.} (50. Kc4 $11 {and White stays safe.}) 1/2-1/2

[Event "V Sunway Sitges Open 2018"]
[Site "Sitges"]
[Date "2018.12.14"]
[Round "1"]
[White "Demianjuk, Alexander"]
[Black "Prieto, Alberto"]
[Result "0-1"]
[WhiteElo "2344"]
[BlackElo "1953"]
[Annotator "TA"]
[PlyCount "62"]
[EventDate "2018.12.14"]
[EventType "swiss"]
[EventCountry "ESP"]
[SourceTitle "playchess.com"]
[Source "ChessBase"]
[SourceQuality "1"]

{[%evp 18,62,35,33,50,12,14,12,12,16,35,30,45,37,45,40,37,19,20,25,25,12,28,31,24,0,0,-134,-125,-188,-184,-171,-185,-223,-225,-274,-200,-280,-269,-470,-354,-977,-957,-1060,-728,-961,-910]} 1. e4 e5 2. Nf3 Nc6 3. Nc3 Nf6 4. Bb5 d6 5. d4 Bd7 6. O-O Be7 7. Re1 exd4 8. Nxd4 O-O 9. Bxc6 bxc6 10. Qf3 {LiveBook: 50 Games} Ng4 {C66: Ruy Lopez: Steinitz Defence} (10... c5 11. Nf5 Bxf5 12. Qxf5 Nd7 13. Nd5 Nb6 14. Bd2 Nxd5 15. exd5 Bf6 16. Rab1 Qc8 17. Qd3 Qb7 18. b4 cxb4 19. Rxb4 Qc8 20. Rc4 {½-½ (39) Banikas,H (2614)-Marin,M (2580) Reykjavik 2015}) 11. Nf5 (11. Nxc6 $5 Bxc6 12. Qxg4 $11) 11... Ne5 12. Nxe7+ Qxe7 {The position is equal.} 13. Qg3 Rab8 $146 ({Predecessor:} 13... Kh8 14. b3 f6 15. Bb2 Qf7 16. Rad1 Qg6 17. Qxg6 Nxg6 18. Na4 {1-0 (73) Sziraki,T (2321)-Sziva,A (2132) Hungary 2001}) 14. b3 Qf6 15. Bd2 Qg6 16. Qxg6 Nxg6 17. Na4 f5 18. Ba5 Rbc8 19. e5 Nxe5 {[#]} 20. Nc5 $1 {[%mdl 512]} Rf7 (20... dxc5 21. Rxe5) 21. Na6 c5 22. Bxc7 (22. Rad1 $11) 22... Rf6 $17 {Hoping for ...Rg6.} 23. f4 {[#]} (23. Rad1 $17 {was called for.} Bb5 24. Rxd6) 23... Ng6 $1 $19 24. Ba5 Nxf4 {And now ...Rg6 would win.} 25. Re7 Bc6 26. g3 Nh3+ 27. Kf1 f4 {Strongly threatening ...fxg3+.} 28. gxf4 $2 (28. Ke1 {was forced.}) 28... Bb5+ {[%mdl 64] Double Attack} 29. Kg2 $2 (29. Ke1 Bxa6 30. Rxa7) 29... Nxf4+ {Black is clearly winning.} ({Not} 29... Bxa6 30. Kxh3 Rxf4 31. c4 $15) 30. Kg3 Bxa6 31. c4 Rcf8 {Accuracy: White = 31%, Black = 69%.} 0-1

[Event "V Sunway Sitges Open 2018"]
[Site "Sitges"]
[Date "2018.12.14"]
[Round "1"]
[White "Sarkar, Justin"]
[Black "Moreno Latorre, Fco Jose"]
[Result "1-0"]
[WhiteElo "2332"]
[BlackElo "1930"]
[Annotator "TA"]
[PlyCount "65"]
[EventDate "2018.12.14"]
[EventType "swiss"]
[EventCountry "ESP"]
[SourceTitle "playchess.com"]
[Source "ChessBase"]
[SourceQuality "1"]

{[%evp 13,65,10,68,62,85,75,41,59,70,15,27,30,47,31,29,13,39,22,44,10,22,9,71,68,71,74,82,76,139,131,213,108,152,162,283,250,455,438,674,678,1093,1047,935,773,637,419,380,407,2214,2074,1922,1819,1583,1518]} 1. d4 Nf6 2. c4 g6 3. Nc3 Bg7 4. e4 d6 5. f4 O-O 6. Nf3 Bg4 7. Be3 Na6 {LiveBook: 4 Games. E76: King's Indian: Four Pawns Attack: Lines specific to 6 Nf3 move-order} (7... c5 $11) (7... Nfd7 8. Be2 e5 9. fxe5 dxe5 10. d5 Bxf3 11. Bxf3 Bh6 12. Bxh6 Qh4+ 13. g3 Qxh6 14. Qd2 Qxd2+ 15. Kxd2 a5 16. Rab1 Nc5 17. b3 Nbd7 {½-½ (47) Turov,M (2583)-Amonatov,F (2649) Dagomys 2008}) 8. h3 Bxf3 9. Qxf3 c5 {White is better.} 10. d5 Nd7 $146 ({Predecessor:} 10... Qa5 11. Bd3 Nxd5 12. cxd5 Bxc3+ 13. bxc3 Qxc3+ 14. Ke2 Nb4 15. Bd2 {1-0 (49) Grapsa,G (2057)-Papapostolou,A Patras 2001}) 11. Bd3 (11. Bd2 $14) 11... Nb4 $11 12. Bb1 e6 13. a3 exd5 14. cxd5 Na6 15. O-O Qa5 16. Bd3 (16. e5 $5) 16... Rac8 17. Qe2 Nc7 (17... Bxc3 $11 18. bxc3 Qxc3) 18. Bd2 $36 {[%mdl 2048] Black is under pressure.} a6 19. Kh1 Qb6 20. a4 Rfe8 ({Black should try} 20... Rce8) 21. Bc4 $16 Qa7 {[#]} (21... Rcd8 $16 22. a5 Qa7) 22. Qd3 (22. e5 $1 $18 {[%mdl 512]}) 22... b6 {[#]} 23. e5 $1 {[%mdl 512] Threatens to win with Ne4.} dxe5 (23... Qb7 {might work better.} 24. Rae1 (24. exd6 b5 $18) 24... b5) 24. d6 $18 Ne6 $2 (24... exf4 25. dxc7 Ne5) 25. f5 Nd4 (25... Nf4 $142) 26. fxg6 Rf8 27. gxf7+ Kh8 28. Ne4 {aiming for Ng5.} Rfd8 29. f8=N Rxf8 30. Bf7 h6 {[#]} (30... c4 $142 31. Bxc4 Nc5 32. Nxc5 bxc5) 31. Ng5 $1 {[%mdl 512] White is clearly winning.} hxg5 32. Qg6 {Threatening mate with Qh5+.} Rxf7 33. Rxf7 {Accuracy: White = 52%, Black = 31%.} 1-0

[Event "V Sunway Sitges Open 2018"]
[Site "Sitges"]
[Date "2018.12.14"]
[Round "1"]
[White "Sreeshwan, Maralakshikari"]
[Black "Ivanchuk, Vassily"]
[Result "1-0"]
[WhiteElo "2244"]
[BlackElo "2717"]
[Annotator "TA"]
[PlyCount "51"]
[EventDate "2018.12.14"]
[EventType "swiss"]
[EventCountry "ESP"]
[SourceTitle "playchess.com"]
[Source "ChessBase"]
[SourceQuality "1"]

{[%evp 27,51,5,5,-14,-14,-18,0,-4,0,-116,-96,-131,68,98,218,248,246,235,227,231,239,212,29988,29989,29989,29990]} 1. d4 c5 2. d5 Nf6 3. c4 e6 4. Nc3 exd5 5. cxd5 d6 6. e4 g6 7. f4 Bg7 8. Bb5+ Nfd7 9. Nf3 a6 10. Bd3 b5 11. O-O O-O 12. Kh1 Re8 13. a3 {A67: Modern Benoni: Taimanov Variation} c4 (13... Ra7 14. Qe1 Nf6 15. Qh4 Ng4 16. Qg3 f5 17. Ng5 Qf6 18. h3 Nh6 19. e5 dxe5 20. fxe5 Rxe5 {1-0 (33) Edouard,R (2632)-Hillarp Persson,T (2539) Reykjavik 2015}) 14. Bc2 Nc5 {LiveBook: 14 Games} 15. Nd4 {The position is equal.} Bg4 $146 ({Predecessor:} 15... Nbd7 16. Be3 Bb7 17. Qf3 Qe7 18. Bf2 Rab8 19. e5 Rbc8 20. Nc6 Qf8 21. exd6 Qxd6 {1-0 (41) Frayna,J (2140)-Shweta,G (1881) Pune 2014}) 16. Qxg4 Bxd4 17. f5 Nbd7 18. fxg6 (18. Bg5 $11 {keeps the balance.} Ne5 19. Qh4) 18... fxg6 $17 19. e5 Bxe5 $2 {[#]} ({Black should play} 19... Bxc3 $1 $17 20. bxc3 Nxe5) 20. Bxg6 $1 $14 {[%mdl 512]} hxg6 (20... Rf8 $16 21. Bf7+ Kh8) 21. Qxg6+ $18 Bg7 22. Qf7+ $1 {[%mdl 1024] White has strong compensation.} Kh8 {...Qh4 is the strong threat.} 23. Qh5+ Kg8 {[#] Strongly threatening ...Rf8.} 24. Bg5 $1 {[%cal Rg5d8]} Qc8 $2 (24... Re7 $18) 25. Qf7+ Kh8 {[#]} 26. Rf4 $1 1-0

[Event "V Sunway Sitges Open 2018"]
[Site "Sitges"]
[Date "2018.12.14"]
[Round "1"]
[White "Siddharth, Jagadeesh"]
[Black "Sasikiran, Krishnan"]
[Result "0-1"]
[WhiteElo "2240"]
[BlackElo "2673"]
[Annotator "TA"]
[PlyCount "116"]
[EventDate "2018.12.14"]
[EventType "swiss"]
[EventCountry "ESP"]
[SourceTitle "playchess.com"]
[Source "ChessBase"]
[SourceQuality "1"]

{[%evp 11,116,14,17,-1,11,0,0,-6,0,4,6,13,20,6,8,0,6,8,6,2,7,-14,-2,-14,-10,-17,-15,-18,0,-45,-56,-55,-57,-69,-69,-122,-75,-71,0,-83,-60,-89,-79,-84,-57,-70,-62,-76,-73,-86,-93,-95,-42,-55,-41,-60,-54,-42,-49,-50,-50,-68,-62,-54,-17,-10,0,0,0,-85,-77,-73,0,-131,-139,-141,-125,-199,-183,-214,-206,-215,-208,-210,-195,-352,-302,-292,-285,-262,-176,-190,-187,-479,-479,-447,-456,-562,-546,-600,-585,-595,-591,-577,-531,-477,-399]} 1. d4 d5 2. c4 c6 3. Nf3 Nf6 4. g3 Bg4 5. Bg2 e6 6. O-O Nbd7 {LiveBook: 308 Games} 7. Re1 $146 {D11: Slav Defence: 3 Nf3 sidelines and 3...Nf6 4 e3 Bg4} ({Predecessor:} 7. h3 Bh5 8. cxd5 exd5 9. Qb3 Qb6 10. Qe3+ Be7 11. Nh4 Bg6 12. Nc3 Qd8 13. Nxg6 hxg6 14. b4 b5 {½-½ (30) Malakhov,V (2686)-Tomashevsky,E (2713) St Petersburg 2017}) 7... Be7 8. Qb3 Qb6 9. c5 {The position is equal.} Qxb3 10. axb3 O-O 11. b4 Rfe8 12. Nc3 a6 13. Bf4 Bxf3 14. exf3 Bf8 15. g4 g6 16. h3 Bg7 17. Bg3 h5 18. Rad1 g5 19. Bd6 Nh7 {[%cal Bf6h7,Bh7f8,Bf8g6][%mdl 32]} 20. Re2 hxg4 21. fxg4 Nhf8 $1 22. Bg3 Ng6 23. Bd6 (23. Re3 $15) 23... Bf8 24. Bg3 Bg7 ({Black should try} 24... e5 $17) 25. Kf1 (25. Bd6 $1 $11 {remains equal.}) 25... Bf6 26. Bd6 Be7 27. Bg3 Rec8 28. Rc2 Bd8 29. Ra1 Bf6 30. Rd1 Kg7 31. Ne2 Ndf8 (31... a5 $17 32. bxa5 Rxa5) 32. Bd6 Be7 33. Bxe7 Nxe7 34. f4 Neg6 35. fxg5 Nh7 36. Ng3 Nxg5 37. Nh5+ Kf8 38. Kf2 $1 Ke7 39. Kg3 f5 40. Nf4 (40. h4 $11 Ne4+ 41. Bxe4 dxe4 42. Nf4 Nxf4 43. Kxf4) 40... Nxf4 $17 41. Kxf4 {[#]} Ne4 (41... Rg8 $1 $17 {White must now prevent ...Raf8.} 42. Rf2 Raf8) 42. Ke3 (42. h4 $1 $11) 42... Rh8 43. Rf1 Raf8 44. gxf5 (44. Kd3 $17) 44... Ng3 $19 45. f6+ Rxf6 46. Rxf6 Kxf6 {[%mdl 4096] Endgame KRB-KRN} 47. Kd3 Nf5 48. Rd2 $2 {[#]} (48. Rf2) 48... Rh4 49. Kc3 Rf4 50. Rd3 Nh4 51. Rd2 Ke7 52. Bh1 $2 (52. Kb3 {was worth a try.}) 52... Rf1 {Black is clearly winning.} 53. Rh2 Kf6 54. Kd2 Kg5 55. Ke2 Rb1 56. Ke3 Nf5+ 57. Kd3 {White hopes to continue with Bf3.} Rd1+ 58. Kc2 Rxd4 {Precision: White = 37%, Black = 70%.} 0-1

[Event "V Sunway Sitges Open 2018"]
[Site "Sitges"]
[Date "2018.12.14"]
[Round "1"]
[White "Blechzin, Igor"]
[Black "Vocaturo, Daniele"]
[Result "0-1"]
[WhiteElo "2237"]
[BlackElo "2629"]
[Annotator "TA"]
[PlyCount "56"]
[EventDate "2018.12.14"]
[EventType "swiss"]
[EventCountry "ESP"]
[SourceTitle "playchess.com"]
[Source "ChessBase"]
[SourceQuality "1"]

{[%evp 14,56,16,0,6,14,15,10,0,9,5,8,16,4,33,26,27,20,31,26,38,12,27,20,39,30,33,17,8,13,10,0,6,-14,14,-23,-14,-425,-417,-729,-668,-695,-660,-647,-555]} 1. Nf3 d5 2. d4 Nf6 3. c4 e6 4. g3 Bb4+ 5. Bd2 Bd6 (5... Be7 6. Bg2 O-O 7. O-O Nbd7 8. Nc3 c6 9. Bf4 dxc4 10. e4 Re8 11. a4 b6 12. d5 exd5 13. exd5 Bb7 14. a5 bxa5 15. d6 Bf8 16. Nd2 Nd5 17. Nxd5 cxd5 18. Nxc4 dxc4 19. Bxb7 {½-½ (42) Nakamura,H (2777)-Karjakin,S (2773) Saint Louis 2018}) 6. Nc3 {E01: Catalan: Early deviations} Nbd7 7. cxd5 exd5 8. Nb5 {LiveBook: 3 Games. The position is equal.} Ne4 9. Nxd6+ Nxd6 10. Bg2 O-O 11. O-O c6 $146 ({Predecessor:} 11... Re8 12. Bf4 Nb6 {0-1 (57) Swiercz,D (2656)-Sturua,Z (2548) Gjakova 2016}) 12. Bf4 Qe7 13. Nd2 f5 14. Qb3 {With the idea Qa3.} Nf7 15. Nf3 Re8 16. a4 h6 17. Qe3 Qd8 18. Qd3 g5 19. Bd2 Nf6 {[%cal Bd7f6,Bf6e4,Be4g3,Bg3e2][%mdl 32]} 20. b4 {[%cal Bb2b4,Bb4b5][%mdl 32]} Ne4 21. b5 Qf6 22. Bb4 f4 23. Ne5 Bf5 {[#] aiming for ...Nxg3.} 24. Nxf7 {Strongly threatening g4.} Nxg3 25. Nxh6+ $2 {[%mdl 8192]} (25. e4 $1 $11 {and White is okay.} dxe4 26. Qc2 (26. Qc4 Be6 $15 {[%mdl 64] Double Attack})) 25... Qxh6 $19 26. Qb3 (26. e4 $142 fxe3 27. Qa3 Nxf1 28. Rxf1) 26... Nxe2+ {Black is clearly winning.} 27. Kh1 g4 28. Bd2 Qh4 {Accuracy: White = 30%, Black = 52%.} 0-1

[Event "V Sunway Sitges Open 2018"]
[Site "Sitges"]
[Date "2018.12.14"]
[Round "1"]
[White "Moksh, Amit Doshi"]
[Black "Indjic, Aleksandar"]
[Result "0-1"]
[WhiteElo "2233"]
[BlackElo "2620"]
[Annotator "TA"]
[PlyCount "84"]
[EventDate "2018.12.14"]
[EventType "swiss"]
[EventCountry "ESP"]
[SourceTitle "playchess.com"]
[Source "ChessBase"]
[SourceQuality "1"]

{[%evp 16,84,9,0,15,0,5,0,6,0,0,-43,-47,-46,-39,-53,22,-59,-52,-56,-51,-52,-46,-54,-22,-28,-26,-50,-42,-50,-17,-28,-16,-41,-26,-137,-129,-147,-145,-125,-118,-124,-132,-102,-130,-115,-102,-114,-132,-145,-123,-262,-265,-298,-260,-386,-373,-380,-364,-448,-451,-448,-418,-394,-386,-429,-441,-29974,-29975,-29975,-29974]} 1. d4 Nf6 2. c4 e6 3. Nc3 Bb4 4. e3 O-O 5. Nf3 d5 6. Bd2 a5 7. Bd3 {E11: Bogo-Indian} (7. Qc2 b6 8. cxd5 exd5 9. a3 Be7 10. Bd3 Re8 11. O-O Bf8 12. e4 dxe4 13. Nxe4 Nbd7 14. Neg5 Bd6 15. Bc4 Re7 16. Nxf7 Rxf7 17. Bxf7+ Kh8 18. Rfe1 Bb7 19. Ng5 Qf8 20. Be6 Bd5 21. Bxd5 {1-0 (21) Bacrot,E (2695)-Van Wely,L (2695) chess.com INT 2017}) 7... b6 8. cxd5 exd5 9. Ne5 {LiveBook: 4 Games. The position is equal.} Bb7 10. Rc1 Nbd7 $146 ({Predecessor:} 10... c6 11. O-O Bd6 12. f4 Ba6 13. Be1 Bxd3 14. Qxd3 Ne8 15. Rf3 f5 16. Rh3 Nc7 {½-½ (58) Hofman,R (2280)-Winants,L (2440) Ostend 1987}) 11. Nb5 c5 12. Nxd7 Nxd7 13. a3 Bxd2+ 14. Qxd2 c4 15. Bb1 Nf6 ({Better is} 15... Bc6 $15 16. Nc3 b5) 16. O-O (16. a4 $11) 16... Bc6 $15 17. Nc3 b5 18. f3 Qb6 19. Rfe1 b4 20. axb4 axb4 21. Nd1 Rfd8 22. Nf2 h5 23. Kh1 g6 24. Rg1 Ra1 25. Bc2 {[#]} (25. Nh3 $11 {remains equal.}) 25... Ra2 $1 $17 {[%cal Ra2b2]} 26. Nd1 {[#]} c3 $1 {[%cal Rc3d2][%mdl 512]} 27. Qe1 (27. bxc3 b3) 27... cxb2 28. Rb1 b3 $36 {[%mdl 2048] Black is really pushing.} 29. Bd3 Bd7 30. Rxb2 Rc8 {...Ra1 is the strong threat.} 31. Qd2 Rxb2 32. Nxb2 Ne8 33. Rc1 {[#]} (33. Rb1 $17) 33... Qb4 $1 $19 {[%mdl 512]} 34. Qd1 (34. Qxb4 Rxc1+) 34... Nd6 35. Rxc8+ (35. h3 $142) 35... Bxc8 36. Qc1 Bf5 37. Kg1 Bxd3 38. Nxd3 Qc4 39. Qd2 Qb5 40. Qc3 Nc4 41. Nb2 (41. Kf2 $19) 41... Nxb2 42. Qxb2 Qd3 {Accuracy: White = 19%, Black = 71%.} 0-1

[Event "V Sunway Sitges Open 2018"]
[Site "Sitges"]
[Date "2018.12.14"]
[Round "1"]
[White "Martinez Lopez, Ivan"]
[Black "Gordievsky, Dmitry"]
[Result "0-1"]
[WhiteElo "2228"]
[BlackElo "2614"]
[Annotator "TA"]
[PlyCount "104"]
[EventDate "2018.12.14"]
[EventType "swiss"]
[EventCountry "ESP"]
[SourceTitle "playchess.com"]
[Source "ChessBase"]
[SourceQuality "1"]

{[%evp 17,104,33,37,36,41,-6,0,-1,-4,0,0,0,0,0,0,-16,-26,-14,0,0,0,-12,-12,-12,-10,-10,-12,-64,-64,-64,-64,-64,-64,-64,-64,-64,-64,-90,-90,-90,-90,-104,-90,-93,-105,-253,-39,-37,-43,-66,0,0,0,0,0,0,0,-8,-8,-8,-8,-579,-579,-538,-532,-524,-524,-558,-541,-790,-829,-774,-718,-984,-944,-1267,-1143,-2360,-2092,-29949,-29949,-29945,-29947,-29941,-29951,-29961,-29965,-29987,-29988]} 1. Nf3 g6 2. c4 Bg7 3. Nc3 Nf6 4. e4 O-O 5. d4 d6 6. Be2 Bg4 7. Be3 Nfd7 8. Nd2 Bxe2 {E91: King's Indian: Classical: 6 Be2, unusual replies including 6...c5 and 6...Bg4} 9. Qxe2 Nc6 {LiveBook: 6 Games} 10. Nb3 a5 $146 {White should prevent ...a4.White is slightly better.} ({Predecessor:} 10... e5 11. d5 Nd4 12. Qd2 Nb6 13. Qd3 c5 14. dxc6 Nxc6 15. Nd5 Nxd5 16. cxd5 {1-0 (39) Sanchez,N (2176)-Hernando Rodrigo,J (2318) Barcelona 2016}) 11. a4 e5 {[%cal Re5d4]} 12. d5 Nd4 13. Qd1 $1 {[%cal Rb3d4]} Nc5 14. Nxc5 $1 dxc5 15. O-O f5 16. exf5 gxf5 17. f4 Ra6 18. g3 Rg6 19. Kh1 e4 20. Nb5 Nxb5 21. axb5 b6 22. Qe2 ({Better is} 22. Ra2 $11) 22... Bd4 $15 23. Rad1 Qf6 24. Rf2 {[#]} h5 $1 {[%mdl 512]} 25. Rg2 (25. Qxh5 Bxe3) 25... Kf7 26. Qd2 {[%cal Re3d4]} Ke7 27. Qf2 {[%cal Re3d4]} Bxe3 28. Qxe3 Rfg8 29. Rdg1 Qd4 30. Qe2 h4 31. b3 (31. g4 $17 {keeps fighting.}) 31... Kd6 $2 (31... Rg4 $1 $19 {aiming for ...Kd6.} 32. Qe1 a4 $1 {[%mdl 512]} 33. bxa4 Qxc4 34. gxh4 Rxg2 35. Rxg2 Rxg2 36. Kxg2 Qxa4) 32. Qh5 {[%mdl 64] Double Attack} Qf6 {Threatens to win with ...Rg4.} 33. g4 $1 h3 (33... fxg4 $15 34. Rxg4 Rxg4 35. Rxg4 Qa1+ 36. Kg2 Qb2+ 37. Kh3 Qc3+ 38. Kxh4 Rh8 39. Rg6+ Ke7 40. Re6+ (40. Rh6 $2 Qe1+ 41. Kh3 Qf1+ 42. Kg3 Rg8+ 43. Qg5+ Rxg5+ $19) 40... Kd8) 34. Qxh3 $11 Rxg4 35. Rxg4 fxg4 {[%mdl 4096] Endgame KQR-KQR} 36. Qh7 Rg6 37. Qh5 e3 38. Re1 g3 39. Qe5+ $2 {[%mdl 8192]} (39. h3 $11) 39... Qxe5 $19 40. fxe5+ Kxe5 41. Rxe3+ {[#] KR-KR} Kd4 $1 42. Re6 Rg7 43. h3 {[#]} a4 $1 {[%mdl 512]} 44. bxa4 Kxc4 45. d6 cxd6 46. Rxd6 Rb7 47. Rg6 Kb4 48. Rg4+ c4 {[%cal Bc5c4,Bc4c3,Bc3c2][%mdl 32] Black mates.} 49. Kg2 Kb3 50. Kxg3 c3 51. Rg6 Rc7 52. a5 c2 {Accuracy: White = 33%, Black = 82%.} 0-1